Wymień wszystkie równoleżniki - Statystyki

Ogólne statystyki
  • Ten quiz został rozwiązany 17 razy
  • Średni wynik to 4 z 5
Statystyki odpowiedzi
Odpowiedź % Poprawnych
Równik
100%
Zwrotnik Raka
83%
Koło podbiegunowe północne
75%
Koło podbiegunowe południowe
75%
Zwrotnik Koziorożca
75%
Nie znaleziono quizów pasujących do podanych kryteriów
Rozkład punktacji
Procent ludzi z każdym wynikiem
Percentyl według liczby udzielonych odpowiedzi
Twoja historia wyników
Nie rozwiązałeś tego quizu